000 00783nam a2200241 i 4500
001 83988
003 ES-MaACL
005 20250823085847.0
007 t|
008 041119s1958 sp ||||1| spa d
100 1 _aJaspers, Karl.
_966154
245 1 0 _aFilosofía /
_cKarl Jaspers ; traducción del alemán por Fernando Vela.
260 _aMadrid :
_bRevista de Occidente,
_c1958 (
_fClavileño)
300 _a2 v. ;
_c23 cm.
490 1 _aBiblioteca de cultura básica
595 _aEd. de la Universidad de Puerto Rico.
650 0 7 _aFilosofía
_2embne
_912802
700 1 _aVela, Fernando.
_9113674
710 2 _aUniversidad de Puerto Rico
_97273
830 1 _aBiblioteca de cultura básica
_9181999
852 _aES-MaACL
_jC-16448-49
999 _c83988
_d83988